000 00324nam a22000977a 4500
008 230626b ||||| |||| 00| 0 eng d
100 _aJaschke-Lantelme, Michael
245 _a100 Jahre Germania
_bBriemarkenausgabe des deutschen Kaiserreichs (Michel 53-97)
260 _aDessau
_bauthor
_c1999
650 _aGermany| Germania| Empire
999 _c3538
_d3538